Cultura y personalidad
Salvato in:
| Autore principale: | |
|---|---|
| Natura: | Libro |
| Lingua: | spagnolo |
| Pubblicazione: |
Buenos Aires
Paidós
1963
|
| Serie: | Biblioteca del hombre contemporáneo, 90
|
| Soggetti: | |
| Tags: |
Aggiungi Tag
Nessun Tag, puoi essere il primo ad aggiungerne!!
|
MARC
| LEADER | 00000nam a2200000 a 4500 | ||
|---|---|---|---|
| 001 | UCY6484 | ||
| 003 | CL-VaPUC | ||
| 008 | 950526e19630000AG |||||||||||||||||spa|d | ||
| 082 | 0 | 4 | |a 155.9 |b WAL |2 21 |
| 100 | 0 | |a Wallace, Anthony F |e author |9 336428 | |
| 245 | 1 | 0 | |a Cultura y personalidad |
| 300 | |a 253 p | ||
| 942 | |c BK | ||
| 945 | |d 19950526 00:00:00 |a cmena | ||
| 260 | |a Buenos Aires |b Paidós |c 1963 | ||
| 650 | 0 | |a Psicología |9 257863 | |
| 650 | 0 | |a Cultura |9 269059 | |
| 650 | 0 | |a Personalidad |9 307255 | |
| 650 | 0 | |a Interacción social |9 307764 | |
| 650 | 7 | |a GRUPOS |2 CL-VaPUC |9 336429 | |
| 650 | 0 | |a Cognición |9 270347 | |
| 650 | 0 | |a Enfermedades mentales |9 310204 | |
| 583 | |a last modification |c 19950526 00:00:00 |k Rodrigo Vera | ||
| 490 | 0 | |a Biblioteca del hombre contemporáneo, 90 | |
| 999 | |c 234049 |d 234047 | ||
| 952 | |0 0 |1 0 |4 0 |6 155_900000000000000_WAL_1963 |7 0 |8 P |9 239997 |a BIBEDU |b BIBEDU |d 2019-11-18 |i 1510452 |o 155.9 WAL 1963 |p 1510452 |r 2024-01-25 |w 2019-11-18 |y BK |k EDU | ||
| 952 | |0 0 |1 0 |4 0 |6 155_900000000000000_WAL_1963 |7 0 |8 P |9 239998 |a BIBEDU |b BIBEDU |d 2019-11-18 |i 1510460 |o 155.9 WAL 1963 |p 1510460 |r 2024-01-25 |w 2019-11-18 |y BK |k EDU | ||